[Event "Solin"]
[Site "Solin"]
[Date "1998.??.??"]
[Round "7"]
[White "Giorgadze, Giorgi"]
[Black "Cvorovic, Drazen"]
[Result "1/2-1/2"]
[WhiteElo "2605"]
[BlackElo "2430"]
[PlyCount "177"]
[EventDate "1998.??.??"]
[Source "www.chesslib.no"]
[SourceDate "2004.05.04"]

1. d4 e6 2. c4 Bb4+ 3. Nc3 f5 4. e3 Nf6 5. Nge2 O-O 6. g3 c6 7. Bg2 d5 8. O-O Qe7 9. Qc2 Nbd7 10. a3 Bd6 11. cxd5 cxd5 12. Nb5 Nb8 13. Bd2 Nc6 14. Nxd6 Qxd6 15. Rfc1 Bd7 16. Be1 Rfc8 17. Qd1 b6 18. Nf4 Na5 19. Bb4 Qb8 20. Nd3 Nc6 21. Be1 Qb7 22. Bf1 Ne4 23. f3 Nd6 24. b3 Be8 25. Nf2 Rc7 26. Bd3 Rac8 27. Bd2 Bh5 28. Qf1 Nb8 29. Bb4 Rxc1 30. Rxc1 Rc6 31. g4 Bg6 32. Rxc6 Qxc6 33. Qb1 fxg4 34. Bxg6 hxg6 35. Nxg4 Nf5 36. Ne5 Qc7 37. Bd2 Kh7 38. Qc1 Qd8 39. Qf1 Nd7 40. Qh3+ Qh4 41. Nf7 Qxh3 42. Ng5+ Kh6 43. Nxh3 g5 44. Kf2 Kg6 45. Ke2 Nf6 46. Nf2 Nd7 47. Bc3 Nb8 48. e4 Nd6 49. Kd3 Nc6 50. Ng4 Kh5 51. Ne3 Ne7 52. Bb4 Ndc8 53. Be1 Kg6 54. Bg3 Kf7 55. Kc3 a6 56. Bc7 Ke8 57. a4 a5 58. Kd3 Kf7 59. Kd2 Nc6 60. Kc3 Nb4 61. Bd8 Ke8 62. Bc7 Kf7 63. Ng4 Ke7 64. Ne5 Na6 65. Nc6+ Kd7 66. Bxb6 Nxb6 67. Nxa5 Kc7 68. Kb2 Nb4 69. Kc3 Nc6 70. Nxc6 Kxc6 71. Kd3 Kb7 72. exd5 Nxd5 73. Ke4 Kc6 74. Ke5 Kd7 75. a5 Nb4 76. a6 Nxa6 77. d5 exd5 78. Kxd5 Ke7 79. Kc4 Kd6 80. b4 Nxb4 81. Kxb4 Ke5 82. Kc4 Kf4 83. Kd5 Kxf3 84. Ke5 Kg4 85. Ke6 Kh3 86. Ke5 Kh4 87. Kf5 g4 88. Kg6 Kh3 89. Kh5 1/2-1/2

[Event "Terrasa op"]
[Site "Terrasa"]
[Date "1999.??.??"]
[Round "5"]
[White "Yakovich, Yuri"]
[Black "Moskalenko, Viktor"]
[Result "1/2-1/2"]
[WhiteElo "2565"]
[BlackElo "2469"]
[PlyCount "41"]
[EventDate "1999.??.??"]
[Source "www.chesslib.no"]
[SourceDate "2004.05.04"]

1. d4 e6 2. c4 Bb4+ 3. Nc3 f5 4. Qc2 c5 5. e3 b6 6. a3 Bxc3+ 7. Qxc3 Nf6 8. Bd3 Bb7 9. f3 Nh5 10. Nh3 Qh4+ 11. Nf2 O-O 12. O-O cxd4 13. exd4 Nc6 14. d5 exd5 15. cxd5 Na5 16. d6 Rac8 17. Qb4 Qf6 18. Be3 Nc6 19. Qb3+ Kh8 20. Rad1 Rce8 21. Rfe1 1/2-1/2

[Event "Moscow RUS"]
[Site "?"]
[Date "2006.05.06"]
[Round "4"]
[White "Rychagov Andrey"]
[Black "Sambuev Bator"]
[Result "1/2-1/2"]
[WhiteElo "2542"]
[BlackElo "2489"]
[PlyCount "51"]
[EventDate "2006.??.??"]
[Source "www.chesslib.no"]
[SourceDate "2004.05.04"]

1. d4 d5 2. c4 c6 3. Nf3 e6 4. e3 f5 5. Bd3 Nf6 6. O-O Bd6 7. b3 Qe7 8. Bb2 O-O 9. Nbd2 Ne4 10. Ne5 b6 11. f3 Nxd2 12. Qxd2 Bb7 13. e4 fxe4 14. fxe4 Bxe5 15. Rxf8+ Qxf8 16. dxe5 d4 17. c5 bxc5 18. Bc4 Qe8 19. Qa5 Nd7 20. Qc7 Nb6 21. Ba3 Nxc4 22. bxc4 Ba6 23. Qa5 Bxc4 24. Qxc5 Bb5 25. Qxd4 a5 26. Bd6 1/2-1/2

[Event "It (Open) INT"]
[Site "?"]
[Date "2006.05.06"]
[Round "?"]
[White "Bocharov Dmitry"]
[Black "Shorokhov Alexandr"]
[Result "1-0"]
[WhiteElo "2559"]
[BlackElo "2471"]
[PlyCount "77"]
[EventDate "2006.??.??"]
[Source "www.chesslib.no"]
[SourceDate "2004.05.04"]

1. d4 e6 2. c4 f5 3. Nf3 Nf6 4. g3 b6 5. Bg2 Bb7 6. O-O Be7 7. Nc3 O-O 8. d5 Na6 9. Nd4 Bc5 10. Nb3 Bd6 11. e4 Nc5 12. exf5 exf5 13. Nd4 g6 14. Bg5 Qe8 15. Ncb5 a6 16. Nxd6 cxd6 17. Bf4 Nce4 18. f3 Nc5 19. Re1 Qf7 20. Bxd6 Rfe8 21. Qd2 a5 22. b3 Ba6 23. Bf4 Nh5 24. Bg5 Nf6 25. Rad1 Rac8 26. Be3 Nh5 27. Bf2 f4 28. g4 Nf6 29. Qxf4 b5 30. Bh4 bxc4 31. Qxf6 Rxe1+ 32. Rxe1 Nd3 33. Qxf7+ Kxf7 34. Re7+ Kf8 35. Rxd7 c3 36. Ne6+ Kg8 37. Rg7+ Kh8 38. Bf6 c2 39. Rxg6# 1-0

[Event "JUG-chT"]
[Site "Vrnjacka Banja"]
[Date "1996.??.??"]
[Round "?"]
[White "Sakaev, Konstantin"]
[Black "Radulski, Julian"]
[Result "1-0"]
[WhiteElo "2560"]
[BlackElo "2470"]
[PlyCount "69"]
[EventDate "1996.??.??"]
[Source "www.chesslib.no"]
[SourceDate "2004.05.04"]

1. d4 d5 2. c4 e6 3. Nc3 f5 4. Bf4 Nf6 5. e3 Bd6 6. Nf3 Bxf4 7. exf4 O-O 8. Be2 b6 9. O-O Bb7 10. Rc1 Nbd7 11. b4 dxc4 12. Bxc4 Nd5 13. Bxd5 exd5 14. Re1 Nf6 15. Ne5 a5 16. b5 Qd6 17. Qc2 g6 18. Ne2 Rac8 19. Red1 Rfe8 20. Rd3 Re7 21. f3 Nh5 22. Rc3 Ng7 23. h4 Qf6 24. g3 Ne6 25. Kf2 Rg7 26. Qd2 Rf8 27. Rh1 Qe7 28. h5 Qe8 29. hxg6 hxg6 30. Rh6 Rf6 31. Qc1 Qxb5 32. Qh1 Kf8 33. Qh4 Rgf7 34. Rh8+ Ke7 35. Nxf7 1-0

[Event "XVII Festival - Open A"]
[Site "Cracovia POL"]
[Date "2006.12.31"]
[Round "6"]
[White "Gritsak, O."]
[Black "Jakubiec, A."]
[Result "1/2-1/2"]
[WhiteElo "2542"]
[BlackElo "2488"]
[PlyCount "39"]
[EventDate "2006.12.27"]
[Source "www.chesslib.no"]
[SourceDate "2004.05.04"]

1. Nf3 f5 2. d4 Nf6 3. c4 g6 4. g3 Bg7 5. b4 d6 6. Bb2 c6 7. Bg2 Na6 8. a3 Nc7 9. Nbd2 O-O 10. O-O h6 11. Ne1 Be6 12. Nd3 a5 13. Qc2 Qd7 14. Nb3 axb4 15. axb4 Rxa1 16. Rxa1 Ra8 17. Rxa8+ Nxa8 18. Na5 Nb6 19. f3 g5 20. e4 1/2-1/2

[Event "Platonov Memorial"]
[Site "Kiev UKR"]
[Date "1995.??.??"]
[Round "10"]
[White "Savchenko, Stanislav"]
[Black "Koutsin, Sergey"]
[Result "0-1"]
[WhiteElo "2585"]
[BlackElo "2435"]
[PlyCount "80"]
[EventDate "1995.??.??"]
[Source "www.chesslib.no"]
[SourceDate "2004.05.04"]

1. d4 d5 2. c4 c6 3. Nf3 e6 4. e3 f5 5. Ne5 Nf6 6. f4 Be7 7. Be2 O-O 8. O-O Nbd7 9. Nf3 Ne4 10. Nc3 Ndf6 11. Qc2 Bd7 12. Rb1 Rc8 13. Ne5 Be8 14. c5 g5 15. fxg5 Nxg5 16. Bd2 Bh5 17. Be1 Bxe2 18. Qxe2 Nfe4 19. Kh1 Bf6 20. Nd3 Qd7 21. g4 Rce8 22. Bh4 Kh8 23. Qg2 Rg8 24. Rg1 e5 25. Nxe4 fxe4 26. Nxe5 Bxe5 27. dxe5 Rxe5 28. Be1 Nf3 29. Bc3 d4 30. Rbd1 Rd5 31. Bxd4+ Nxd4 32. exd4 Rxd4 33. Rde1 e3 34. g5 Re8 35. g6 Rd2 36. Qf3 Qd5 37. Qxd5 cxd5 38. b4 d4 39. Rg4 e2 40. Reg1 e1=Q 0-1

[Event "TCh-CRO, Pula CRO"]
[Site "?"]
[Date "2001.??.??"]
[Round "3"]
[White "Muse, M."]
[Black "Pavasovic, D."]
[Result "1/2-1/2"]
[WhiteElo "2485"]
[BlackElo "2535"]
[PlyCount "142"]
[EventDate "2001.??.??"]
[Source "www.chesslib.no"]
[SourceDate "2004.05.04"]

1. d4 d5 2. Nf3 c6 3. c4 e6 4. e3 f5 5. Bd3 Bd6 6. O-O Nf6 7. b3 Qe7 8. Bb2 O-O 9. Qc1 b6 10. Ba3 Bb7 11. Bxd6 Qxd6 12. Qa3 c5 13. cxd5 Nxd5 14. dxc5 bxc5 15. Rd1 f4 16. exf4 Rxf4 17. Nc3 Qe7 18. Nxd5 Bxd5 19. Be2 Nc6 20. Rac1 Nb4 21. Qa5 Bxf3 22. Bxf3 Rxf3 23. gxf3 Nd3 24. Rxd3 Qg5+ 25. Kf1 Qxc1+ 26. Qe1 Qh6 27. Qe5 Rf8 28. Ke2 a5 29. Rd6 Qc1 30. Rd7 Qc2+ 31. Rd2 Qc1 32. h4 h6 33. Rd7 Qc2+ 34. Rd2 Qc1 35. h5 Qh1 36. Rd3 Kh7 37. Qe4+ Rf5 38. Rd6 Qxh5 39. Rxe6 Kg8 40. Re8+ Rf8 41. Qc4+ Qf7 42. Rxf8+ Kxf8 43. Qxc5+ Kg8 44. Qxa5 Qe6+ 45. Kf1 Qh3+ 46. Ke2 Qe6+ 47. Kd3 Qg6+ 48. Kd4 Qc2 49. Qd5+ Kf8 50. a4 Qxf2+ 51. Kc4 Qe2+ 52. Kb4 Qe1+ 53. Kb5 Qe8+ 54. Qc6 Qb8+ 55. Qb6 Qe8+ 56. Qc6 Qb8+ 57. Qb6 Qe8+ 58. Qc6 Qb8+ 59. Kc4 Qf4+ 60. Qe4 Qc1+ 61. Kb5 Qg5+ 62. Kb4 Qd2+ 63. Kc4 Qc1+ 64. Kb5 Qg5+ 65. Kb6 Qd8+ 66. Kb7 Qd7+ 67. Ka6 h5 68. a5 h4 69. Qf4+ Kg8 70. Qc4+ Kf8 71. Qf4+ Kg8 1/2-1/2

[Event "5th Russian Cup Final, Kazan RUS"]
[Site "?"]
[Date "2001.??.??"]
[Round "1"]
[White "Vorobiov, E."]
[Black "Timofeev, Ar"]
[Result "1/2-1/2"]
[WhiteElo "2500"]
[BlackElo "2520"]
[PlyCount "56"]
[EventDate "2001.??.??"]
[Source "www.chesslib.no"]
[SourceDate "2004.05.04"]

1. d4 d5 2. c4 e6 3. Nf3 c6 4. e3 f5 5. Be2 Nf6 6. O-O Bd6 7. b3 Qe7 8. Bb2 O-O 9. Ne5 b6 10. Nd2 Bb7 11. Rc1 a5 12. cxd5 cxd5 13. Bb5 Na6 14. Qe2 Nc7 15. Rfd1 Nxb5 16. Qxb5 Ba6 17. Qxb6 Be2 18. Nc6 Bxh2+ 19. Kxh2 Ng4+ 20. Kg3 f4+ 21. exf4 Qd6 22. Ne7+ Qxe7 23. Ba3 Qf6 24. Bxf8 Rxf8 25. Qd6 g5 26. Nf3 gxf4+ 27. Kxg4 Qg6+ 28. Kh3 Qh5+ 1/2-1/2

[Event "CZE-chT9900"]
[Site "CZE"]
[Date "1999.??.??"]
[Round "4"]
[White "Babula, Vlastimil"]
[Black "Jakubiec, Artur"]
[Result "1/2-1/2"]
[WhiteElo "2567"]
[BlackElo "2453"]
[PlyCount "169"]
[EventDate "1999.??.??"]
[Source "www.chesslib.no"]
[SourceDate "2004.05.04"]

1. d4 f5 2. Nf3 Nf6 3. c4 g6 4. g3 Bg7 5. b4 O-O 6. Bg2 d6 7. O-O c6 8. Bb2 Kh8 9. Nbd2 Be6 10. a4 Bg8 11. Ne1 Nbd7 12. a5 a6 13. Nd3 Ne4 14. Rc1 Ndf6 15. f3 Nxd2 16. Qxd2 d5 17. cxd5 cxd5 18. Rc5 Ne8 19. Rfc1 Nd6 20. Ne5 Bf6 21. Rc7 Be6 22. Qe3 Rc8 23. R7c5 Rxc5 24. dxc5 Nb5 25. Rd1 Nc7 26. f4 Qe8 27. Qd2 Qa4 28. e3 Kg8 29. Ra1 Qe8 30. Rc1 Bc8 31. Bxd5+ Nxd5 32. Qxd5+ e6 33. Qb3 Bxe5 34. Bxe5 Bd7 35. Bb2 Bc6 36. Rd1 g5 37. Qc3 e5 38. Qc4+ Qf7 39. Qxf7+ Kxf7 40. Bxe5 gxf4 41. exf4 Re8 42. g4 fxg4 43. Kf2 Re6 44. Kg3 Rh6 45. f5 Rh3+ 46. Kxg4 Re3 47. Bd4 Rb3 48. Kf4 Rxb4 49. Ke5 Ra4 50. Kd6 Ra2 51. Be5 Rf2 52. f6 Re2 53. Rd3 Be4 54. Rg3 Rd2+ 55. Kc7 Ke6 56. Bc3 Rd7+ 57. Kb6 Bc6 58. Re3+ Kf7 59. Be5 Bb5 60. Rg3 Bc6 61. Rh3 Ke6 62. Bc3 Bd5 63. Re3+ Kf7 64. h4 Bc6 65. Rg3 Ke6 66. Rg5 Rd5 67. Rg7 Rd7 68. Rg1 Kf7 69. Re1 Bf3 70. Ba1 Bc6 71. Be5 Rd5 72. h5 Rd7 73. Rg1 Ke6 74. Ba1 Bf3 75. h6 Bc6 76. Rg5 Kf7 77. Ka7 Ke6 78. Kb8 Rf7 79. Rg8 Kd5 80. Kc8 Ke6 81. Rd8 Kf5 82. Rg8 Ke6 83. Bc3 Kf5 84. Bb2 Ke6 85. Bc3 1/2-1/2

[Event "Zillertal Open"]
[Site "Zillertal"]
[Date "1993.??.??"]
[Round "?"]
[White "Agrest, Evgenij"]
[Black "Gofshtein, Zeev-Alon"]
[Result "0-1"]
[WhiteElo "2460"]
[BlackElo "2560"]
[PlyCount "170"]
[EventDate "1993.06.??"]
[Source "www.chesslib.no"]
[SourceDate "2004.05.04"]

1. d4 e6 2. c4 Bb4+ 3. Nc3 f5 4. Nf3 Nf6 5. Bg5 O-O 6. Rc1 d6 7. g3 Nbd7 8. Bg2 h6 9. Bxf6 Nxf6 10. O-O Bxc3 11. Rxc3 Qe8 12. Qb3 e5 13. c5+ Be6 14. Qa3 e4 15. Nd2 d5 16. Qb4 Qh5 17. f3 Qf7 18. Nb3 c6 19. Nc1 Rae8 20. Ra3 a6 21. Qd2 Bc8 22. b4 g5 23. f4 Qg6 24. Rb3 Re7 25. e3 Ng4 26. Ne2 Qh5 27. h3 Nf6 28. Kf2 Rg7 29. Rg1 Qe8 30. Rbb1 Nh5 31. Bh1 Kh8 32. Rg2 Rfg8 33. Rbg1 Qe7 34. Kf1 Be6 35. a4 Nf6 36. Ke1 Bf7 37. Kf1 Bh5 38. g4 fxg4 39. hxg4 gxf4 40. gxh5 f3 41. Rxg7 fxe2+ 42. Qxe2 Rxg7 43. Rxg7 Kxg7 44. Qg2+ Kf8 45. Qh3 Qf7 46. Ke1 Qxh5 47. Bg2 Qg5 48. Bf1 Kg7 49. Be2 h5 50. Kd2 h4 51. Bf1 Kg6 52. b5 axb5 53. axb5 cxb5 54. Bxb5 Qg3 55. Bd7 Qf2+ 56. Kd1 Kg5 57. Qe6 Qf1+ 58. Kd2 Nxd7 59. Qg8+ Kh6 60. Qh8+ Kg6 61. Qg8+ Kh6 62. Qh8+ Kg5 63. Qg8+ Kh5 64. Qxd5+ Kh6 65. Qxd7 Qd3+ 66. Kc1 Qxe3+ 67. Kb2 h3 68. Qd6+ Kg5 69. d5 Qe2+ 70. Kc3 Qd3+ 71. Kb4 Kg4 72. c6 Qd4+ 73. Kb3 bxc6 74. Qg6+ Kf3 75. dxc6 Qd5+ 76. Kb4 h2 77. Qh6 Qd4+ 78. Kb5 Qb2+ 79. Kc5 Qc2+ 80. Kd4 Qd1+ 81. Ke5 h1=Q 82. Qf8+ Ke2 83. c7 Qh2+ 84. Ke6 Qxc7 85. Qf1+ Kxf1 0-1

[Event "15. European Team Championship"]
[Site "?"]
[Date "2005.08.05"]
[Round "7.9"]
[White "Ivanisevic Ivan"]
[Black "Jacimovic Dragoljub"]
[Result "1-0"]
[WhiteElo "2577"]
[BlackElo "2438"]
[PlyCount "68"]
[EventDate "2005.??.??"]
[Source "www.chesslib.no"]
[SourceDate "2004.05.04"]

1. d4 e6 2. c4 f5 3. Nc3 Bb4 4. e4 fxe4 5. f3 Nc6 6. d5 Ne5 7. f4 Ng6 8. Nge2 Nf6 9. a3 Bxc3+ 10. Nxc3 O-O 11. Be2 exd5 12. cxd5 d6 13. O-O c6 14. Kh1 Ne7 15. g4 Nexd5 16. f5 Nxc3 17. bxc3 Nd5 18. Bc4 Kh8 19. Bxd5 cxd5 20. Be3 Bd7 21. Rf4 Rc8 22. Bd4 Qg5 23. Qd2 Bb5 24. Rb1 Ba6 25. Qe3 Rce8 26. Rb2 b6 27. h4 Qh6 28. Rbf2 Re5 29. g5 Qh5 30. f6 gxf6 31. gxf6 Rg8 32. f7 Rf8 33. Qg3 e3 34. Rg2 Qg6 1-0

[Event "BL 0304"]
[Site "Germany"]
[Date "2004.03.08"]
[Round "11.4"]
[White "Schlosser, Philipp"]
[Black "Bricard, Emmanuel"]
[Result "1-0"]
[WhiteElo "2560"]
[BlackElo "2453"]
[PlyCount "53"]
[EventDate "2004.03.06"]
[Source "Roberto Alvarez"]
[SourceDate "2004.03.22"]

1. d4 e6 2. c4 f5 3. Nc3 Bb4 4. Bd2 Nf6 5. e3 O-O 6. Bd3 d6 7. Qc2 c5 8. Nge2 Nc6 9. O-O Qe7 10. a3 Bxc3 11. Bxc3 Ng4 12. h3 Nh6 13. f4 e5 14. Qd2 e4 15. Bc2 Nf7 16. b4 Rd8 17. d5 Nb8 18. Ng3 g6 19. Bb2 Nd7 20. Qc3 Qf8 21. Ne2 h5 22. g4 Kh7 23. gxf5 gxf5 24. Ng3 Nh6 25. Nxh5 Qf7 26. Kh2 Rg8 27. Rg1 1-0

[Event "Barbera op"]
[Site "Barbera"]
[Date "1999.??.??"]
[Round "7"]
[White "Volzhin, Alexander"]
[Black "Moskalenko, Viktor"]
[Result "1/2-1/2"]
[WhiteElo "2543"]
[BlackElo "2469"]
[PlyCount "66"]
[EventDate "1999.??.??"]
[Source "www.chesslib.no"]
[SourceDate "2004.05.04"]

1. d4 e6 2. c4 Bb4+ 3. Nc3 f5 4. Qc2 Nf6 5. e3 c5 6. Bd3 O-O 7. Nge2 Nc6 8. a3 Bxc3+ 9. Qxc3 b6 10. b4 cxd4 11. exd4 Bb7 12. Bb2 Rc8 13. O-O Ne7 14. a4 Be4 15. Bxe4 fxe4 16. Rac1 a6 17. b5 axb5 18. axb5 Nf5 19. Qh3 Ne8 20. Ba3 Rf6 21. Qb3 Rg6 22. d5 Qg5 23. g3 Nh4 24. Qe3 Nf3+ 25. Kg2 Rh6 26. h3 Qxe3 27. fxe3 exd5 28. cxd5 Ra8 29. Ra1 Nf6 30. Nc3 Nd2 31. Bb4 Re8 32. Rfe1 Nc4 33. Rad1 Ne5 1/2-1/2

[Event "Corte Ingles op"]
[Site "?"]
[Date "1998.??.??"]
[Round "?"]
[White "Mario Gomez"]
[Black "Eugeny Gleizerov"]
[Result "1/2-1/2"]
[WhiteElo "2475"]
[BlackElo "2535"]
[PlyCount "55"]
[EventDate "1998.??.??"]
[Source "www.chesslib.no"]
[SourceDate "2004.05.04"]

1. d4 e6 2. c4 f5 3. Nf3 Nf6 4. g3 d5 5. Nc3 c6 6. Qb3 Bd6 7. Bf4 O-O 8. e3 Ne4 9. Be2 Be7 10. h4 Nd7 11. h5 Kh8 12. Qc2 b6 13. cxd5 cxd5 14. Ne5 Bb7 15. Nxe4 dxe4 16. Bc4 Nxe5 17. Bxe5 Bf6 18. Bxf6 Qxf6 19. h6 Rac8 20. hxg7+ Kxg7 21. Qa4 Rf7 22. Bb3 Bd5 23. Bxd5 exd5 24. Kd2 Qc6 25. Qxc6 Rxc6 26. Rac1 Rfc7 27. Rxc6 Rxc6 28. Rh5 1/2-1/2

[Event "RUS-ch"]
[Site "Elista"]
[Date "1995.??.??"]
[Round "3"]
[White "Lugovoi, Aleksei"]
[Black "Sherbakov, Ruslan"]
[Result "1/2-1/2"]
[WhiteElo "2490"]
[BlackElo "2520"]
[PlyCount "33"]
[EventDate "1995.10.??"]
[Source "ChessBase"]

1. d4 d5 2. c4 e6 3. Nf3 c6 4. e3 f5 5. Bd3 Nf6 6. b3 Bb4+ 7. Nbd2 Ne4 8. Ne5 O-O 9. O-O Nd7 10. Ndf3 Qe7 11. Bb2 a6 12. Qc2 Kh8 13. Rad1 Bd6 14. Ne1 Nxe5 15. dxe5 Bb8 16. Bd4 b6 17. f3 1/2-1/2

[Event "Srbija i Crna Gora 88/41"]
[Site "?"]
[Date "2003.??.??"]
[Round "?"]
[White "Ilincic, Z."]
[Black "Popchev, M."]
[Result "1-0"]
[WhiteElo "2557"]
[BlackElo "2451"]
[PlyCount "63"]
[EventDate "2003.??.??"]
[Source "Chess Informant"]
[SourceDate "2003.06.01"]

1. d4 d5 2. c4 e6 3. Nf3 c6 4. e3 f5 5. Bd3 Nf6 6. O-O Be7 7. b3 O-O 8. Ba3 Bxa3 9. Nxa3 Qe7 10. Nc2 b6 11. Qc1 Bb7 12. Qa3 Qxa3 13. Nxa3 Nbd7 14. cxd5 Nxd5 15. Nc4 Rad8 16. Rfc1 c5 17. Bf1 Ba8 18. a3 N5f6 19. Ncd2 Bd5 20. b4 cxd4 21. Nxd4 Ne5 22. h3 Rf7 23. Rc2 Ng6 24. Rac1 f4 25. e4 Nxe4 26. Nxe4 Bxe4 27. Nxe6 Re8 28. Rc8 Rfe7 29. Rxe8+ Rxe8 30. Bc4 Kh8 31. Ng5 h6 32. Bb5 1-0

[Event "Kstovo op"]
[Site "Kstovo"]
[Date "1994.??.??"]
[Round "7"]
[White "Kharitonov, Andrei Y"]
[Black "Neverov, Valeriy"]
[Result "1/2-1/2"]
[WhiteElo "2535"]
[BlackElo "2470"]
[PlyCount "155"]
[EventDate "1994.08.??"]
[Source "ChessBase"]

1. d4 d5 2. c4 e6 3. Nf3 c6 4. e3 f5 5. Bd3 Nf6 6. O-O Bd6 7. b3 Qe7 8. Bb2 O-O 9. Qc1 Bd7 10. Ba3 Be8 11. Bxd6 Qxd6 12. Qa3 Qd8 13. Nbd2 Ne4 14. Bxe4 fxe4 15. Ne5 Nd7 16. Nxd7 Qxd7 17. f3 exf3 18. Nxf3 Bg6 19. Ne5 Qd8 20. Rxf8+ Qxf8 21. Qb2 Qe7 22. Rf1 Rf8 23. Rxf8+ Qxf8 24. h3 Be4 25. c5 h6 26. b4 a6 27. Qf2 Qxf2+ 28. Kxf2 Kf8 29. h4 Ke7 30. h5 Bb1 31. a3 Bc2 32. g4 Bd1 33. Kg3 Kf6 34. Kf4 Ke7 35. e4 Bc2 36. exd5 exd5 37. Nf3 Kf6 38. Nh4 g5+ 39. hxg6 Bxg6 40. Nf3 Bc2 41. Ne5 Bd1 42. Nd7+ Ke7 43. Ne5 Kf6 44. Nd3 Bc2 45. Nc1 Bd1 46. Nd3 Bc2 47. Nf2 Bg6 48. Nh3 Bc2 49. Kg3 Bd3 50. Kh4 Bg6 51. Nf4 Be8 52. Nd3 Bg6 53. Nc1 Be8 54. Nb3 Bd7 55. Na5 Bc8 56. Kh5 Kg7 57. a4 Kh7 58. Nb3 Bd7 59. Na5 Bc8 60. g5 hxg5 61. Kxg5 Kg7 62. Nb3 Kf7 63. Nc1 Bh3 64. Nd3 Bf1 65. Nf4 Ke7 66. Kf5 Kd7 67. Kf6 Bc4 68. Ng6 Bb3 69. Ne5+ Kc7 70. a5 Bc4 71. Ke7 Be2 72. Nd7 Bd3 73. Nf6 Bg6 74. Ke6 Bd3 75. Ne8+ Kd8 76. Nd6 Kc7 77. Ke7 Bg6 78. Kf6 1/2-1/2

[Event "VI Festival - Open A"]
[Site "Amantea ITA"]
[Date "2008.09.03"]
[Round "5"]
[White "Maiorov, Nikita"]
[Black "Shytaj, Luca"]
[Result "1-0"]
[WhiteElo "2535"]
[BlackElo "2467"]
[PlyCount "121"]
[EventDate "2008.08.31"]
[Source "www.chesslib.no"]
[SourceDate "2004.05.04"]

1. d4 d5 2. c4 e6 3. Nf3 c6 4. e3 f5 5. Bd3 Nf6 6. O-O Bd6 7. b3 Qe7 8. Bb2 O-O 9. Qc1 b6 10. Ba3 Bb7 11. cxd5 cxd5 12. Bxd6 Qxd6 13. Nc3 Rc8 14. Qb2 Nc6 15. a3 Ne4 16. Ne2 Rc7 17. Rfc1 Rac8 18. Rc2 Nb8 19. Rxc7 Rxc7 20. Ne5 Nd7 21. Bb5 Nxe5 22. dxe5 Qd8 23. f3 Ng5 24. Nd4 Qc8 25. Bd3 a6 26. b4 Nf7 27. Ne2 Bc6 28. a4 Bd7 29. f4 Nd8 30. h3 Nc6 31. Bxa6 Qxa6 32. b5 Qa5 33. bxc6 Rxc6 34. Rb1 Qxa4 35. Nd4 Rc8 36. Qxb6 Qa3 37. Nxe6 h6 38. Rb3 Qc1+ 39. Kh2 Kh7 40. Rb1 Qc2 41. Nd4 Qe4 42. Rb3 Rc1 43. Qa7 Bc8 44. Qa2 Re1 45. Qf2 Rc1 46. Qd2 Rf1 47. Rb4 Ba6 48. Nb5 d4 49. Nxd4 Bb7 50. Ne6 Qd5 51. Qxd5 Bxd5 52. Nc7 Bc6 53. Rc4 Bb7 54. Rc2 Re1 55. Ne6 Rxe3 56. Rc7 Bd5 57. Nxg7 Kg6 58. Ne8 h5 59. Rg7+ Kh6 60. Rg5 h4 61. Nd6 1-0

[Event "Bundesliga 9596"]
[Site "Germany"]
[Date "1996.??.??"]
[Round "?"]
[White "Michaelsen, Nils"]
[Black "Stangl, Markus"]
[Result "1/2-1/2"]
[WhiteElo "2435"]
[BlackElo "2565"]
[PlyCount "126"]
[EventDate "1995.10.??"]
[Source "ChessBase"]
[SourceDate "1999.07.01"]

1. d4 d5 2. c4 e6 3. Nf3 c6 4. e3 f5 5. Bd3 Bd6 6. O-O Qf6 7. b3 Nd7 8. Ba3 Bxa3 9. Nxa3 Ne7 10. b4 O-O 11. b5 c5 12. cxd5 exd5 13. dxc5 Nxc5 14. Nc2 Bd7 15. Ncd4 Rac8 16. Rc1 Rc7 17. Nc6 b6 18. Nxe7+ Qxe7 19. Be2 Be6 20. Qd4 Qf6 21. Qxf6 Rxf6 22. Nd4 Bf7 23. Bf3 f4 24. exf4 Rxf4 25. Rfd1 Rf6 26. Rc3 Kf8 27. h3 h6 28. Nc2 Ne6 29. Rxc7 Nxc7 30. Nd4 a6 31. a4 axb5 32. axb5 Be8 33. Be2 Ke7 34. f3 Bd7 35. Kf2 Rf8 36. Nc2 Ra8 37. Nb4 Kd6 38. Bc4 Be6 39. Na6 Ra7 40. Be2 Bd7 41. Rb1 Bxb5 42. Rxb5 Rxa6 43. Rb1 Ra2 44. Rxb6+ Ke7 45. h4 Ne6 46. Rb4 Kd6 47. g3 Kc5 48. Rb5+ Kd4 49. Ke1 g5 50. hxg5 hxg5 51. Kf1 Nc5 52. Rb8 Ra1+ 53. Kf2 Ra2 54. Kf1 g4 55. Rd8 gxf3 56. Bxf3 Ne4 57. Bxe4 Kxe4 58. g4 d4 59. g5 Ke3 60. Re8+ Kf3 61. Ke1 Rg2 62. g6 Rxg6 63. Kd2 Rd6 1/2-1/2

[Event "Hans & Lenze It"]
[Site "?"]
[Date "1998.??.??"]
[Round "?"]
[White "Giorgadze, G."]
[Black "Matthias, H."]
[Result "1-0"]
[WhiteElo "2610"]
[BlackElo "2390"]
[PlyCount "113"]
[EventDate "1998.??.??"]
[Source "www.chesslib.no"]
[SourceDate "2004.05.04"]

1. d4 e6 2. c4 Bb4+ 3. Nc3 f5 4. g3 Nf6 5. Bg2 O-O 6. Bd2 d6 7. Nf3 Bxc3 8. Bxc3 Ne4 9. Rc1 Nd7 10. O-O Qe7 11. Bb4 c5 12. Ba3 b6 13. b4 Bb7 14. e3 Rac8 15. Ne1 cxb4 16. Bxb4 a5 17. Ba3 Ba6 18. f3 Ng5 19. Qb3 Rc7 20. Rf2 Rfc8 21. Rfc2 Kh8 22. Nd3 Bb7 23. Ne5 a4 24. Qb2 Ba6 25. Nxd7 Rxd7 26. Qxb6 Bb7 27. c5 dxc5 28. Rxc5 Rxc5 29. Qxc5 Qe8 30. Rf1 Bd5 31. h4 Nf7 32. Rf2 h6 33. Qb5 Rd8 34. Qxe8+ Rxe8 35. e4 Bc4 36. Rc2 Bd3 37. Rd2 Bc4 38. Rb2 Kg8 39. Kf2 g5 40. Bc5 Rc8 41. a3 Bb3 42. exf5 exf5 43. Bh3 Be6 44. Rb6 Bd7 45. f4 Kg7 46. Bg2 Nd8 47. Rd6 Be8 48. Bd5 Rb8 49. Ke3 Bf7 50. Rd7 Kg8 51. fxg5 hxg5 52. hxg5 Bxd5 53. Rxd5 Ne6 54. Bb4 Re8 55. Re5 Nc7 56. Rxe8+ Nxe8 57. Kf4 1-0

[Event "Belarus 84/46"]
[Site "?"]
[Date "2002.??.??"]
[Round "?"]
[White "Dydyshko, V."]
[Black "Smetankin, S."]
[Result "1-0"]
[WhiteElo "2526"]
[BlackElo "2472"]
[PlyCount "53"]
[EventDate "2002.??.??"]
[Source "Chess Informant"]
[SourceDate "2002.02.01"]

1. d4 e6 2. c4 f5 3. Nf3 Nf6 4. g3 Be7 5. d5 Bb4+ 6. Bd2 Qe7 7. Nc3 Bxc3 8. Bxc3 Ne4 9. Rc1 d6 10. dxe6 Bxe6 11. b3 O-O 12. Bg2 Na6 13. O-O d5 14. Nd4 Rfd8 15. cxd5 Rxd5 16. Nxf5 Qd7 17. Bxe4 Rxd1 18. Rfxd1 Qf7 19. Nxg7 Nc5 20. Bf3 c6 21. Nh5 Ne4 22. Bb2 Bf5 23. Rc4 Ng5 24. Nf6+ Kf8 25. Bh5 Qe7 26. h4 Ne6 27. Rd7 1-0

[Event "It"]
[Site "Los Angeles"]
[Date "2003.08.24"]
[Round "7"]
[White "Ambarcumjan, Armen"]
[Black "Minasian, Artashes"]
[Result "1/2-1/2"]
[WhiteElo "2424"]
[BlackElo "2571"]
[PlyCount "34"]
[EventDate "2003.08.18"]
[Source "Roberto Alvarez"]
[SourceDate "2003.09.01"]

1. d4 d5 2. c4 e6 3. Nc3 f5 4. Bf4 Nf6 5. e3 c6 6. Bd3 Bd6 7. Nge2 O-O 8. O-O b6 9. Rc1 Bb7 10. Bxd6 Qxd6 11. cxd5 Nxd5 12. e4 fxe4 13. Bxe4 Nd7 14. Ng3 N7f6 15. Qd2 Rad8 16. Rfe1 Nxe4 17. Ngxe4 Qf4 1/2-1/2